[Event "RUS"]
[Site "?"]
[Date "2006.04.23"]
[Round "4"]
[White "Efimenko Zahar"]
[Black "Timofeev Artyom"]
[Result "0-1"]
[WhiteElo "2648"]
[BlackElo "2646"]
[PlyCount "110"]
[EventDate "2006.??.??"]
[Source "www.chesslib.no"]
[SourceDate "2004.05.04"]

1. e4 c5 2. Nf3 d6 3. d4 cxd4 4. Nxd4 Nf6 5. Nc3 Nc6 6. Bc4 e6 7. Be3 Be7 8. Qe2 O-O 9. O-O-O a6 10. Bb3 Nd7 11. g4 Nc5 12. Rhg1 Bd7 13. g5 b5 14. Qh5 b4 15. Nce2 Nxd4 16. Nxd4 Nxb3+ 17. Nxb3 Qc7 18. Rd2 Rfc8 19. Kb1 a5 20. Qd1 e5 21. h4 a4 22. Nc1 d5 23. Rxd5 Bc6 24. Qd3 Bxd5 25. exd5 Qc4 26. h5 Ra5 27. Rd1 Qxd3 28. Rxd3 Bc5 29. Ne2 f5 30. gxf6 gxf6 31. Ng3 Rd8 32. Nf5 e4 33. Rd1 Kf7 34. Kc1 Bxe3+ 35. Nxe3 f5 36. d6 Ke6 37. Nc4 Rd5 38. Rg1 f4 39. Rg4 Rf8 40. Rg7 Rf7 41. Rg8 e3 42. fxe3 f3 43. Rg1 Rxh5 44. Rf1 Rd5 45. b3 a3 46. c3 bxc3 47. Kc2 f2 48. Kxc3 Rg5 49. Kd3 h5 50. Ke2 h4 51. Nd2 h3 52. Nf3 Rg2 53. d7 Rxd7 54. Rxf2 Rxf2+ 55. Kxf2 Rg7 0-1

[Event "Deutschland"]
[Site "?"]
[Date "1996.??.??"]
[Round "?"]
[White "Onischuk, Al"]
[Black "Shirov, A."]
[Result "0-1"]
[WhiteElo "2605"]
[BlackElo "2685"]
[PlyCount "136"]
[EventDate "1996.??.??"]
[Source "ChessBase"]
[SourceDate "1996.10.01"]

1. e4 c5 2. Nf3 d6 3. d4 Nf6 4. Nc3 cxd4 5. Nxd4 Nc6 6. Bc4 e6 7. Bb3 Be7 8. Be3 a6 9. Qe2 Qc7 10. O-O-O O-O 11. Rhg1 Nd7 12. g4 Nc5 13. Nf5 b5 14. Bd5 Bb7 15. g5 Rfc8 16. Rg3 Bf8 17. Qh5 g6 18. Nh6+ Kh8 19. Qh4 b4 20. Bxc6 bxc3 21. Bxc5 cxb2+ 22. Kb1 Bxc6 23. Rxd6 Ba4 24. Rc3 Bxd6 25. Bd4+ e5 26. Rxc7 Rxc7 27. Bxb2 Rb8 28. Ka1 Rxb2 29. Nxf7+ Rxf7 30. Kxb2 Rf3 31. Qg4 Ba3+ 32. Ka1 Rxf2 33. Qh3 Be7 34. Qc8+ Rf8 35. Qxa6 Bxc2 36. h4 Bc5 37. Kb2 Bxe4 38. Qe6 Rb8+ 39. Kc3 Bd4+ 40. Kc4 Bf5 41. Qf7 Rc8+ 42. Kd5 Bh3 43. h5 gxh5 44. Qf3 Bg4 45. Qf6+ Kg8 46. g6 hxg6 47. Qxg6+ Kf8 48. Qf6+ Ke8 49. Qg6+ Ke7 50. Qg7+ Kd8 51. Qf6+ Kc7 52. Qc6+ Kb8 53. Qb5+ Ka7 54. Qa4+ Kb7 55. Qb4+ Bb6 56. Kxe5 Rc5+ 57. Kd6 Bc8 58. Qa4 Kb8 59. Qb4 Ka7 60. Qa4+ Ra5 61. Qc4 Bb7 62. a4 Rc5 63. Qb4 Rd5+ 64. Ke6 Bd8 65. Qxb7+ Kxb7 66. Kxd5 h4 67. Ke4 h3 68. Kf3 Bh4 0-1

[Event "Sarajevo Bosnia"]
[Site "Sarajevo"]
[Date "2003.05.25"]
[Round "7"]
[White "Movsesian, Sergei"]
[Black "Kozul, Zdenko"]
[Result "1/2-1/2"]
[WhiteElo "2659"]
[BlackElo "2601"]
[PlyCount "146"]
[EventDate "2003.05.18"]
[Source "ChessBase"]
[SourceDate "2003.09.25"]

1. e4 c5 2. Nf3 d6 3. d4 cxd4 4. Nxd4 Nf6 5. Nc3 Nc6 6. Bc4 e6 7. Be3 Be7 8. Qe2 a6 9. a3 O-O 10. Ba2 Bd7 11. O-O Rc8 12. f4 e5 13. Nf5 Bxf5 14. exf5 exf4 15. Rxf4 d5 16. Bf2 Re8 17. Qf3 Bd6 18. Rh4 Ne5 19. Qh3 Bc5 20. Bxc5 Rxc5 21. Rd1 h6 22. Qg3 b5 23. h3 Nc4 24. Bxc4 Rxc4 25. Rxc4 bxc4 26. Kh2 Qd7 27. Qf4 Qb7 28. Qd6 Qxb2 29. Nxd5 Nxd5 30. Rxd5 Qxc2 31. Rc5 Qe4 32. f6 g5 33. Rc7 Qe5+ 34. Qxe5 Rxe5 35. Rxc4 Kh7 36. Ra4 a5 37. Rc4 Kg6 38. h4 Rf5 39. hxg5 hxg5 40. Kg3 Rxf6 41. Rc5 Rf5 42. Rc6+ f6 43. Ra6 Rc5 44. a4 Kf5 45. Kf3 g4+ 46. Kf2 Kg5 47. g3 Kf5 48. Ke3 Kg5 49. Kf2 Rf5+ 50. Kg2 Re5 51. Kf1 Kg6 52. Kg2 Kf7 53. Ra7+ Ke6 54. Ra6+ Ke7 55. Ra7+ Kd8 56. Ra6 f5 57. Ra7 Kc8 58. Kf2 Rc5 59. Ke2 Re5+ 60. Kf2 Kb8 61. Rf7 Ka8 62. Kf1 Re4 63. Rxf5 Rxa4 64. Rg5 Kb7 65. Ke2 Kb6 66. Rg6+ Kc7 67. Rg5 Kc6 68. Rg6+ Kd5 69. Rg5+ Kd6 70. Ke3 Ke6 71. Rb5 Kd6 72. Rg5 Ra3+ 73. Ke2 Rxg3 1/2-1/2

[Event "Novi Sad (ol)"]
[Site "?"]
[Date "1990.??.??"]
[Round "?"]
[White "Timman, J."]
[Black "Ljubojevic, Lj"]
[Result "1-0"]
[WhiteElo "2660"]
[BlackElo "2600"]
[PlyCount "83"]
[EventDate "1990.??.??"]
[Source "ChessBase"]
[SourceDate "1990.07.01"]

1. e4 c5 2. Nf3 e6 3. d4 cxd4 4. Nxd4 Nf6 5. Nc3 d6 6. Bc4 Nc6 7. Be3 Be7 8. Qe2 O-O 9. O-O-O Bd7 10. f4 a6 11. e5 dxe5 12. Nxc6 bxc6 13. fxe5 Nd5 14. Ne4 Qa5 15. Bg5 Bxg5+ 16. Nxg5 h6 17. Ne4 Rab8 18. Bb3 Rxb3 19. cxb3 Qxa2 20. Nc5 Nc3 21. Qd3 Nxd1 22. Rxd1 Bc8 23. Qc3 a5 24. Qc4 f6 25. Nxe6 Bxe6 26. Qxe6+ Kh7 27. exf6 a4 28. Qe4+ Kg8 29. f7+ Kh8 30. Qxa4 Qxa4 31. bxa4 Rxf7 32. Rd6 Ra7 33. b3 Ra6 34. g4 Kg8 35. h4 Kf7 36. h5 Rb6 37. Kc2 Rb4 38. Rxc6 Rxg4 39. a5 Rg5 40. a6 Rxh5 41. b4 Rh1 42. Rc5 1-0

[Event "Tilburg"]
[Site "Tilburg"]
[Date "1985.??.??"]
[Round "?"]
[White "Ljubojevic, Ljubomir"]
[Black "Kortschnoj, Viktor"]
[Result "1/2-1/2"]
[WhiteElo "2615"]
[BlackElo "2630"]
[PlyCount "81"]
[EventDate "1985.08.??"]
[Source "ChessBase"]

1. e4 c5 2. Nf3 d6 3. d4 cxd4 4. Nxd4 Nf6 5. Nc3 Nc6 6. Bc4 e6 7. Be3 Be7 8. Qe2 a6 9. O-O-O Qc7 10. Bb3 O-O 11. Rhg1 b5 12. g4 b4 13. Nd5 Nxd5 14. exd5 Nxd4 15. Rxd4 a5 16. Rc4 Qb8 17. dxe6 Bxe6 18. Rc6 d5 19. Rd1 Qxh2 20. Qf3 Qh4 21. Rh1 Qxg4 22. Qxg4 Bxg4 23. Bxd5 Rad8 24. Be4 f5 25. Rc7 fxe4 26. Rxe7 Bf3 27. Rg1 Rf7 28. Bb6 Rxe7 29. Bxd8 Ra7 30. Bb6 Ra6 31. Bd4 g6 32. Kd2 h5 33. Ke3 h4 34. Kf4 h3 35. Kg3 Bg2 36. c4 Kf7 37. c5 g5 38. Rc1 e3 39. Bxe3 g4 40. Rc4 Bf3 41. Rd4 1/2-1/2

[Event "Gawlikowski mem 18th"]
[Site "?"]
[Date "1999.??.??"]
[Round "?"]
[White "Gdanski Jacek"]
[Black "Ivanchuk Vassily"]
[Result "0-1"]
[WhiteElo "2530"]
[BlackElo "2714"]
[PlyCount "68"]
[EventDate "1999.??.??"]
[Source "www.chesslib.no"]
[SourceDate "2004.05.04"]

1. e4 c5 2. Nc3 Nc6 3. Nf3 d6 4. d4 cxd4 5. Nxd4 Nf6 6. Bc4 e6 7. Be3 a6 8. Bb3 Be7 9. Qe2 Qc7 10. O-O-O Na5 11. g4 b5 12. g5 Nxb3+ 13. axb3 Nd7 14. h4 b4 15. Na4 Nc5 16. h5 Bd7 17. Kb1 Nxe4 18. g6 Nf6 19. h6 fxg6 20. hxg7 Rg8 21. Bg5 Kf7 22. Qf3 h5 23. Rdg1 Rac8 24. Bxf6 Bxf6 25. Rxg6 Kxg6 26. Nb6 Qxb6 27. Qxh5+ Kxg7 28. Qh7+ Kf8 29. Qxd7 Qxd4 30. Qxc8+ Kf7 31. Qb7+ Be7 32. Qxa6 Qe4 33. Rd1 Rg5 34. Qc8 Rf5 0-1

[Event "RUS-ch51"]
[Site "St Petersburg"]
[Date "1998.08.04"]
[Round "8"]
[White "Sokolov, Andrei"]
[Black "Zvjaginsev, Vadim"]
[Result "0-1"]
[WhiteElo "2565"]
[BlackElo "2650"]
[PlyCount "61"]
[EventDate "1998.07.28"]
[Source "ChessBase"]
[SourceDate "1998.11.30"]

1. e4 c5 2. Nf3 d6 3. d4 cxd4 4. Nxd4 Nf6 5. Nc3 Nc6 6. Bc4 e6 7. Be3 Be7 8. Qe2 Bd7 9. O-O-O Rc8 10. Nxc6 bxc6 11. g4 O-O 12. g5 Ne8 13. h4 d5 14. Bb3 Bb4 15. h5 Bxc3 16. bxc3 Nd6 17. h6 g6 18. f3 c5 19. Qh2 Qb6 20. exd5 Nf5 21. Bf2 Qa5 22. c4 Qa3+ 23. Kb1 a5 24. Rhe1 a4 25. dxe6 Bxe6 26. Rxe6 axb3 27. cxb3 fxe6 28. Qe5 Qa7 29. Qxe6+ Qf7 30. Qxf7+ Kxf7 31. Rd5 0-1

[Event "II Open ROMGAZ"]
[Site "Bucarest ROM"]
[Date "2008.09.15"]
[Round "5"]
[White "Azarov, S."]
[Black "Lupulescu, C."]
[Result "1-0"]
[WhiteElo "2605"]
[BlackElo "2589"]
[PlyCount "111"]
[EventDate "2008.09.11"]
[Source "www.chesslib.no"]
[SourceDate "2004.05.04"]

1. e4 c5 2. Nf3 d6 3. d4 cxd4 4. Nxd4 Nf6 5. Nc3 Nc6 6. Bc4 e6 7. Be3 a6 8. f4 d5 9. Bb3 Nxe4 10. Nxc6 bxc6 11. Nxe4 dxe4 12. Qxd8+ Kxd8 13. Bb6+ Ke8 14. O-O-O Be7 15. Ba4 Bb7 16. Rd4 Kf8 17. Rhd1 c5 18. Rd7 Bd5 19. c4 Bxc4 20. Bc6 Rb8 21. Ba7 Rc8 22. Bb7 Re8 23. Bxe4 Bb5 24. Rc7 f5 25. Bc2 Ra8 26. Re1 Bd6 27. Bxc5 Bxc5 28. Rxc5 Ke7 29. Rce5 Rhc8 30. Rxe6+ Kf8 31. Rd6 Rc4 32. g3 Rac8 33. Rd2 R4c5 34. Kb1 a5 35. b3 g6 36. Kb2 Kf7 37. a4 Bc6 38. Bd3 Rb8 39. Ka3 Rc3 40. Bc4+ Kf8 41. Rd6 Be4 42. Red1 Rc2 43. Rd7 Rxh2 44. Rf7+ Ke8 45. Ra7 Kf8 46. Rd6 Rb7 47. Rf6+ Ke8 48. Rxa5 Ke7 49. Re6+ Kd7 50. Rae5 Rh3 51. Re7+ Kd8 52. Re8+ Kc7 53. a5 Rxg3 54. a6 Ra7 55. R5e7+ Kb6 56. Rb8+ 1-0

[Event "Luzern tt"]
[Site "Luzern tt"]
[Date "1989.??.??"]
[Round "?"]
[White "Ljubojevic, Ljubomir"]
[Black "Korchnoi, Viktor L"]
[Result "1/2-1/2"]
[WhiteElo "2580"]
[BlackElo "2610"]
[PlyCount "41"]
[EventDate "1989.??.??"]
[Source "www.chesslib.no"]
[SourceDate "2004.05.04"]

1. e4 c5 2. Nf3 d6 3. d4 cxd4 4. Nxd4 Nf6 5. Nc3 Nc6 6. Bc4 e6 7. Be3 a6 8. Qd2 Qc7 9. O-O-O Be7 10. Bb3 O-O 11. Rhg1 Nd7 12. Kb1 Nc5 13. g4 b5 14. g5 Nxb3 15. axb3 Bd7 16. f4 b4 17. Na4 Nxd4 18. Bxd4 Bxa4 19. bxa4 e5 20. fxe5 dxe5 21. Qd3 1/2-1/2

[Event "DSU"]
[Site "?"]
[Date "1998.03.01"]
[Round "?"]
[White "Hyldkrog Lars (DEN)"]
[Black "Elwert Hans-Marcus (GER)"]
[Result "0-1"]
[WhiteElo "2502"]
[BlackElo "2681"]
[PlyCount "172"]
[EventDate "1998.??.??"]
[Source "www.chesslib.no"]
[SourceDate "2004.05.04"]

1. e4 c5 2. Nf3 d6 3. d4 cxd4 4. Nxd4 Nf6 5. Nc3 Nc6 6. Bc4 e6 7. Be3 a6 8. Qe2 Qc7 9. O-O-O Na5 10. Bd3 b5 11. g4 b4 12. Na4 Nd7 13. b3 Nc5 14. Nb2 g6 15. f4 Bg7 16. Nf3 Bb7 17. Bd2 Nc6 18. Kb1 a5 19. Na4 Nxa4 20. bxa4 O-O-O 21. Be3 h5 22. g5 d5 23. e5 d4 24. Bc1 Ne7 25. Ba6 Nd5 26. Bd2 Nb6 27. Be1 Nxa4 28. Rxd4 Rxd4 29. Nxd4 Rd8 30. Nb3 Qc3 31. Bxb7+ Kc7 32. Bxc3 Nxc3+ 33. Kb2 Nxe2 34. Nxa5 Kb6 35. Bf3 Nxf4 36. Nc4+ Kc5 37. Kb3 Rd4 38. Nd6 Nh3 39. Rd1 Rf4 40. Ne4+ Kb6 41. Bg2 Bxe5 42. Rd7 Rg4 43. Bf3 Nxg5 44. Nxg5 Rxg5 45. Rxf7 Bd6 46. Be4 Rg4 47. Bd3 Bxh2 48. Rf6 g5 49. Be2 Rh4 50. Rg6 Bf4 51. Kxb4 Bd2+ 52. Ka3 Kc5 53. Rxe6 Rh3+ 54. Kb2 h4 55. a4 Rg3 56. a5 Kd5 57. Rb6 Bc3+ 58. Ka2 Bd4 59. Rb7 h3 60. a6 Rg2 61. a7 Bxa7 62. Bf3+ Kd4 63. Rxa7 Rxc2+ 64. Kb1 Rf2 65. Bc6 Ke5 66. Rg7 Kf4 67. Kc1 Re2 68. Kd1 Re5 69. Kd2 Kg3 70. Kd3 Rc5 71. Bb7 g4 72. Ke2 Re5+ 73. Kf1 Ra5 74. Bc6 Rc5 75. Bb7 Rc4 76. Rf7 Rc1+ 77. Ke2 Kh2 78. Kd2 Ra1 79. Bc8 Kg3 80. Rg7 Ra4 81. Be6 h2 82. Rh7 Ra6 83. Bf5 Kf4 84. Bc8 Ra8 85. Be6 g3 86. Bd5 Rd8 0-1

[Event "Linz"]
[Site "?"]
[Date "1997.??.??"]
[Round "?"]
[White "Rogers, I."]
[Black "Lanka, Z."]
[Result "1/2-1/2"]
[WhiteElo "2600"]
[BlackElo "2575"]
[PlyCount "51"]
[EventDate "1997.??.??"]
[Source "ChessBase"]
[SourceDate "1997.02.01"]

1. e4 c5 2. Nf3 Nc6 3. d4 cxd4 4. Nxd4 Nf6 5. Nc3 d6 6. Bc4 e6 7. Be3 Be7 8. Qe2 a6 9. O-O-O Qc7 10. Bb3 O-O 11. Rhg1 Nd7 12. g4 Nc5 13. Nf5 b5 14. Bd5 Bb7 15. g5 Rfc8 16. Rg3 Bf8 17. Qh5 g6 18. Nh6+ Kh8 19. Qh4 b4 20. Rh3 bxc3 21. Ng4 f5 22. Nf6 h6 23. Qxh6+ Bxh6 24. Rxh6+ Kg7 25. Rh7+ Kf8 26. Rh8+ 1/2-1/2

[Event "Hrvatska 83/220"]
[Site "?"]
[Date "2001.??.??"]
[Round "?"]
[White "Fedorov, Alex"]
[Black "Sax, Gy"]
[Result "1-0"]
[WhiteElo "2599"]
[BlackElo "2576"]
[PlyCount "73"]
[EventDate "2001.??.??"]
[Source "Chess Informant"]
[SourceDate "2001.10.01"]

1. e4 c5 2. Nf3 d6 3. d4 cxd4 4. Nxd4 Nf6 5. Nc3 Nc6 6. Bc4 e6 7. Be3 a6 8. Qe2 Na5 9. Bd3 Qc7 10. O-O-O b5 11. a3 Rb8 12. g4 Nd7 13. f4 Nb6 14. Nb3 Na4 15. Bd2 Nxb3+ 16. cxb3 Nc5 17. b4 Nxd3+ 18. Qxd3 Be7 19. g5 O-O 20. f5 Rd8 21. f6 Bf8 22. Kb1 Bb7 23. Bf4 Rbc8 24. Rhe1 Qc4 25. Qe3 d5 26. Rd4 Qb3 27. Qd2 Re8 28. Be5 Rc4 29. fxg7 Be7 30. exd5 Rxd4 31. Qxd4 Qc4 32. Qxc4 bxc4 33. Bf6 Bd6 34. h4 Bg3 35. Re3 Bf2 36. Re2 Bg3 37. Ne4 1-0

[Event "Villa Martelli"]
[Site "Villa Martelli"]
[Date "1997.06.09"]
[Round "9"]
[White "Milos, Gilberto"]
[Black "Sorokin, Maxim"]
[Result "1/2-1/2"]
[WhiteElo "2605"]
[BlackElo "2560"]
[PlyCount "44"]
[EventDate "1997.06.01"]
[Source "ChessBase"]
[SourceDate "1997.10.13"]

1. e4 c5 2. Nf3 d6 3. d4 cxd4 4. Nxd4 Nf6 5. Nc3 Nc6 6. Bc4 e6 7. Bb3 Be7 8. Be3 a6 9. Qe2 Qc7 10. Rg1 b5 11. g4 b4 12. Na4 Rb8 13. f3 Bd7 14. g5 Nxd4 15. Bxd4 Nh5 16. a3 O-O 17. axb4 Rxb4 18. Bc3 Rbb8 19. Qe3 e5 20. Bd2 Nf4 21. Qc3 Qxc3 22. Nxc3 Be6 1/2-1/2

[Event "Moscow ol (Men)"]
[Site "Moscow"]
[Date "1994.??.??"]
[Round "3"]
[White "Kengis, Edvins"]
[Black "Kozul, Zdenko"]
[Result "1/2-1/2"]
[WhiteElo "2580"]
[BlackElo "2575"]
[PlyCount "76"]
[EventDate "1994.11.??"]
[Source "ChessBase"]

1. e4 c5 2. Nf3 d6 3. d4 cxd4 4. Nxd4 Nf6 5. Nc3 Nc6 6. Bc4 e6 7. Be3 Be7 8. Qe2 Qc7 9. Bb3 O-O 10. O-O-O a6 11. Kb1 b5 12. Nxc6 Qxc6 13. Bd4 Bb7 14. Rhe1 Bd8 15. f4 b4 16. e5 dxe5 17. fxe5 Nd7 18. Ne4 Qxe4 19. Qxe4 Bxe4 20. Rxe4 Be7 21. Bc4 a5 22. c3 Rfb8 23. cxb4 axb4 24. Rf1 Bc5 25. Bxc5 Nxc5 26. Ref4 Ra7 27. Rd1 Rd7 28. Rxd7 Nxd7 29. Re4 h5 30. Be2 g6 31. Kc2 Kf8 32. h4 Ke7 33. Kb1 Kd8 34. Kc2 Rb7 35. Rd4 Ke7 36. Kb3 Nc5+ 37. Kc4 Nd7 38. Kb3 Nc5+ 1/2-1/2

[Event "Pula"]
[Site "?"]
[Date "1997.??.??"]
[Round "?"]
[White "Fedorov, A."]
[Black "Lanka, Z."]
[Result "1-0"]
[WhiteElo "2580"]
[BlackElo "2575"]
[PlyCount "49"]
[EventDate "1997.??.??"]
[Source "ChessBase"]
[SourceDate "1997.02.01"]

1. e4 c5 2. Nf3 Nc6 3. d4 cxd4 4. Nxd4 Nf6 5. Nc3 d6 6. Bc4 e6 7. Be3 Be7 8. Qe2 a6 9. O-O-O Qc7 10. Bb3 O-O 11. Rhg1 Nd7 12. g4 Nc5 13. Nf5 b5 14. Bd5 Bb7 15. g5 Rfc8 16. Rg3 Ne5 17. Rh3 Ng6 18. Qh5 Nf8 19. Nxg7 Bxd5 20. Qh6 e5 21. Nh5 Nce6 22. exd5 b4 23. dxe6 Nxe6 24. Nf6+ Bxf6 25. gxf6 1-0

[Event "LXI Lega superiore camp. russo"]
[Site "Novokuznetsk RUS"]
[Date "2008.09.12"]
[Round "9"]
[White "Amonatov, F."]
[Black "Iskusnyh, S."]
[Result "1-0"]
[WhiteElo "2650"]
[BlackElo "2499"]
[PlyCount "107"]
[EventDate "2008.09.03"]
[Source "www.chesslib.no"]
[SourceDate "2004.05.04"]

1. e4 c5 2. Nf3 Nc6 3. d4 cxd4 4. Nxd4 Nf6 5. Nc3 d6 6. Bc4 e6 7. Be3 Be7 8. Qe2 O-O 9. O-O-O a6 10. Bb3 Nd7 11. Kb1 Nxd4 12. Bxd4 b5 13. a3 Qc7 14. f4 Rb8 15. f5 Ne5 16. Rhf1 Bf6 17. g4 Qe7 18. Qg2 a5 19. fxe6 fxe6 20. g5 Bxg5 21. Rxf8+ Kxf8 22. Nxb5 Bf6 23. a4 Bd7 24. Qh3 Bxb5 25. axb5 Rxb5 26. Qxh7 Qf7 27. Qh8+ Ke7 28. Qc8 Rxb3 29. cxb3 Qh5 30. Qc7+ Ke8 31. Rc1 Qe2 32. Qxd6 Qxe4+ 33. Ka2 Nd3 34. Rc8+ Kf7 35. Rc7+ Kg6 36. Qg3+ Kf5 37. Qh3+ Kg6 38. Bxf6 Kxf6 39. Qf1+ Qf5 40. Qxf5+ exf5 41. Kb1 g5 42. Kc2 Ne1+ 43. Kd1 Nf3 44. h3 Ke5 45. Rc5+ Ke4 46. Rxa5 Ng1 47. Ra4+ Ke3 48. b4 Kd4 49. Ra3 f4 50. Ke1 f3 51. Kf1 Nxh3 52. Rxf3 Nf4 53. Rc3 Nd5 54. b5 1-0

[Event "32nd TCh-GRE"]
[Site "Kallithea Chalkidiki"]
[Date "2003.07.04"]
[Round "1"]
[White "Macieja, Bartlomiej"]
[Black "Gelashvili, Tamaz"]
[Result "1-0"]
[WhiteElo "2627"]
[BlackElo "2520"]
[PlyCount "187"]
[EventDate "2003.07.04"]
[Source "Roberto Alvarez"]
[SourceDate "2003.07.14"]

1. e4 c5 2. Nf3 d6 3. d4 cxd4 4. Nxd4 Nf6 5. Nc3 Nc6 6. Bc4 e6 7. Be3 a6 8. Bb3 Qc7 9. Qe2 b5 10. Nxc6 Qxc6 11. Bd4 Bb7 12. Nd5 Be7 13. Nxe7 Kxe7 14. f3 e5 15. Bf2 h6 16. a4 Bc8 17. axb5 axb5 18. Rxa8 Qxa8 19. O-O Qc6 20. c4 Ba6 21. Rc1 bxc4 22. Bxc4 Rc8 23. b3 Nd7 24. Qf1 Bxc4 25. Rxc4 Qb7 26. Rxc8 Qxc8 27. b4 Qc3 28. Qb1 Kd8 29. h4 Qc4 30. b5 Kc7 31. Kh2 h5 32. Qb2 Kb7 33. b6 f6 34. Qa3 Nxb6 35. Bxb6 Kxb6 36. Qxd6+ Qc6 37. Qf8 Qc7 38. Qe8 Kc5 39. Qxh5 Kd4 40. Qg6 Ke3 41. h5 Qe7 42. h6 gxh6 43. Qxh6+ Ke2 44. Kg3 Qf7 45. f4 Qg8+ 46. Kh2 exf4 47. Qxf4 Kd3 48. g4 Qg6 49. Kg3 Qxe4 50. Qxf6 Qe1+ 51. Qf2 Qe5+ 52. Qf4 Qe1+ 53. Qf2 Qe5+ 54. Qf4 Qe1+ 55. Kg2 Qe8 56. g5 Qe2+ 57. Kg3 Qe6 58. Qf6 Qe1+ 59. Qf2 Qe6 60. Qf4 Qe8 61. Kg4 Kc3 62. Qf6+ Kb4 63. g6 Qe2+ 64. Qf3 Qe6+ 65. Kg5 Qe7+ 66. Qf6 Qc5+ 67. Qf5 Qe7+ 68. Kh5 Qe8 69. Kh6 Qh8+ 70. Kg5 Qd8+ 71. Qf6 Qd5+ 72. Kh6 Qh1+ 73. Kg7 Ka4 74. Qa6+ Kb3 75. Kf7 Qh5 76. Qe6+ Ka4 77. Kg8 Qh6 78. Qe4+ Ka5 79. g7 Qh3 80. Kf7 Qd7+ 81. Kg6 Qd6+ 82. Kg5 Qg3+ 83. Qg4 Qe3+ 84. Kh5 Qe8+ 85. Kh6 Qg8 86. Qd7 Ka6 87. Qc6+ Ka7 88. Kg6 Qb3 89. Qc7+ Ka6 90. Qc8+ Ka7 91. g8=Q Qg3+ 92. Kf7 Qf4+ 93. Ke8 Qe5+ 94. Qce6 1-0

[Event "Moscow RUS"]
[Site "?"]
[Date "2005.02.21"]
[Round "7"]
[White "Amonatov Farrukh"]
[Black "Wojtaszek Radoslaw"]
[Result "1-0"]
[WhiteElo "2588"]
[BlackElo "2553"]
[PlyCount "37"]
[EventDate "2005.??.??"]
[Source "www.chesslib.no"]
[SourceDate "2004.05.04"]

1. e4 c5 2. Nf3 d6 3. d4 cxd4 4. Nxd4 Nf6 5. Nc3 Nc6 6. Bc4 e6 7. Be3 Be7 8. Qe2 a6 9. O-O-O Qc7 10. Rhg1 O-O 11. g4 Nd7 12. g5 b5 13. Nd5 Nxd4 14. Nxe7+ Kh8 15. Bxd4 Qxc4 16. Bxg7+ Kxg7 17. Qh5 Qxe4 18. Qh6+ Kh8 19. g6 1-0

[Event "Evora"]
[Site "?"]
[Date "2006.07.29"]
[Round "8"]
[White "Bartel Mateusz"]
[Black "Spraggett Kevin"]
[Result "1-0"]
[WhiteElo "2561"]
[BlackElo "2577"]
[PlyCount "73"]
[EventDate "2006.??.??"]
[Source "www.chesslib.no"]
[SourceDate "2004.05.04"]

1. e4 c5 2. Nf3 d6 3. d4 Nf6 4. Nc3 cxd4 5. Nxd4 Nc6 6. Bc4 e6 7. Be3 a6 8. Qe2 Qc7 9. O-O-O Be7 10. Rhg1 Na5 11. Bd3 b5 12. g4 b4 13. Nb1 Bb7 14. Nd2 d5 15. f3 dxe4 16. fxe4 Nd7 17. Kb1 O-O 18. g5 Rac8 19. h4 Nc5 20. h5 Nc6 21. g6 Nxd3 22. gxh7+ Kh8 23. cxd3 Nxd4 24. Bxd4 e5 25. Qg2 Bf6 26. Be3 Qe7 27. Nb3 Rfd8 28. Rdf1 Rxd3 29. Bh6 Kxh7 30. Bxg7 Rg8 31. Bxf6 Rxg2 32. Bxe7 Rxg1 33. Rxg1 Bxe4 34. Kc1 Bf3 35. Bf6 Re3 36. Nc5 Bxh5 37. Nd7 1-0

[Event "ch-BLR"]
[Site "?"]
[Date "2005.03.04"]
[Round "1"]
[White "Fedorov Alexei"]
[Black "Lutsko Igor"]
[Result "1-0"]
[WhiteElo "2603"]
[BlackElo "2527"]
[PlyCount "107"]
[EventDate "2005.??.??"]
[Source "www.chesslib.no"]
[SourceDate "2004.05.04"]

1. e4 c5 2. Nf3 Nc6 3. d4 cxd4 4. Nxd4 Nf6 5. Nc3 d6 6. Bc4 e6 7. Be3 a6 8. Qe2 Qc7 9. O-O-O Be7 10. Bb3 O-O 11. Rhg1 b5 12. g4 b4 13. Nxc6 Qxc6 14. Nd5 exd5 15. g5 Nxe4 16. Bxd5 Qa4 17. Bd4 Bf5 18. Bxe4 Bxe4 19. Qxe4 Rfe8 20. Kb1 Bf8 21. Qd3 Qc6 22. h4 Qe4 23. h5 Rac8 24. Be3 Re6 25. Qxe4 Rxe4 26. Rd5 Rec4 27. Rc1 Be7 28. b3 Re4 29. Rcd1 Rc6 30. R5d4 Rxd4 31. Rxd4 a5 32. Rd5 Bd8 33. Rb5 Kf8 34. Bd4 Rc8 35. Kb2 g6 36. hxg6 hxg6 37. c3 bxc3+ 38. Bxc3 Ke8 39. Bxa5 Bxa5 40. Rxa5 Kd7 41. a4 Rh8 42. Ra7+ Ke6 43. Rc7 Rh2 44. Rc2 Rg2 45. a5 Rxg5 46. b4 Rb5 47. Kb3 d5 48. a6 Rb8 49. Ka4 d4 50. b5 Kd5 51. a7 Ra8 52. b6 d3 53. Rd2 Kc6 54. Ka5 1-0

[Event "Israel"]
[Site "?"]
[Date "2000.??.??"]
[Round "?"]
[White "Rechlis, G."]
[Black "Avrukh, B."]
[Result "0-1"]
[WhiteElo "2505"]
[BlackElo "2620"]
[PlyCount "137"]
[EventDate "2000.??.??"]
[Source "Chess Informant"]
[SourceDate "2000.02.01"]

1. e4 c5 2. Nf3 d6 3. d4 cxd4 4. Nxd4 Nf6 5. Nc3 Nc6 6. Bc4 e6 7. Be3 Be7 8. Qe2 Bd7 9. O-O-O Rc8 10. Nxc6 bxc6 11. g4 O-O 12. g5 Ne8 13. f4 d5 14. Bd3 Bb4 15. Qh5 f5 16. exf5 exf5 17. Bd4 Bd6 18. Qf3 Nc7 19. Rhe1 Ne6 20. Be5 Qc7 21. g6 hxg6 22. Qg3 Rce8 23. Qxg6 Bxe5 24. fxe5 Nf4 25. Qg5 Nxd3+ 26. cxd3 d4 27. Nb1 Rxe5 28. Nd2 Rfe8 29. Rg1 Be6 30. Nf3 Ra5 31. Qg6 Rc5+ 32. Kb1 Qf7 33. Qxf7+ Bxf7 34. Nxd4 Rd8 35. Ne2 Ra5 36. Nc3 Rd4 37. Rg5 Kf8 38. Kc2 Re5 39. Rd2 Rh4 40. Rf2 g6 41. Ne2 Kg7 42. Nf4 Kf6 43. Rg1 g5 44. Ne2 Bxa2 45. Ra1 Ra4 46. Nc1 Rea5 47. Nxa2 Rxa2 48. Re1 Rb5 49. Kb1 Ra3 50. Rc2 Rb6 51. Re3 f4 52. Rh3 Ra5 53. Rh6+ Kg7 54. Rcxc6 Rf5 55. Rxb6 axb6 56. Re6 f3 57. Re1 Kf6 58. Kc2 Re5 59. Rf1 Re2+ 60. Kc3 g4 61. h3 Kf5 62. b4 f2 63. hxg4+ Kxg4 64. Kc4 Kf3 65. Kb5 Re6 66. d4 Kg2 67. Ra1 f1=Q+ 68. Rxf1 Kxf1 69. d5 0-1

[Event "USA"]
[Site "?"]
[Date "1991.??.??"]
[Round "?"]
[White "Ivanov, Alexa"]
[Black "Dlugy, M."]
[Result "1/2-1/2"]
[WhiteElo "2565"]
[BlackElo "2560"]
[PlyCount "76"]
[EventDate "1991.??.??"]
[Source "ChessBase"]
[SourceDate "1991.06.01"]

1. e4 c5 2. Nf3 d6 3. d4 cxd4 4. Nxd4 Nf6 5. Nc3 Nc6 6. Bc4 e6 7. Be3 Be7 8. Qe2 O-O 9. O-O-O Qa5 10. Bb3 a6 11. f4 Nxd4 12. Bxd4 e5 13. Nd5 Nxd5 14. exd5 Bg4 15. Qxg4 exd4 16. Qd7 Bf6 17. g4 d3 18. Rxd3 Qb4 19. Qf5 Rfe8 20. g5 Re1+ 21. Rd1 Rxh1 22. Rxh1 Bd4 23. Kb1 Be3 24. Rf1 Qd2 25. Qe4 g6 26. c3 Kf8 27. f5 Re8 28. Qf3 Bxg5 29. fxg6 Re1+ 30. Rxe1 Qxe1+ 31. Qd1 Qxd1+ 32. Bxd1 hxg6 33. Kc2 Kg7 34. Kd3 Kh6 35. a4 Bf4 36. h3 Kg5 37. a5 Kh4 38. Ba4 Bh2 1/2-1/2

[Event "Maringa"]
[Site "?"]
[Date "1991.??.??"]
[Round "?"]
[White "Brunner, L."]
[Black "Epishin, V."]
[Result "1/2-1/2"]
[WhiteElo "2505"]
[BlackElo "2615"]
[PlyCount "65"]
[EventDate "1991.??.??"]
[Source "ChessBase"]
[SourceDate "1991.06.01"]

1. e4 c5 2. Nf3 d6 3. d4 cxd4 4. Nxd4 Nf6 5. Nc3 Nc6 6. Bc4 e6 7. Be3 a6 8. Qe2 Na5 9. Bd3 b5 10. O-O-O b4 11. Nb1 Qc7 12. Nd2 Be7 13. g4 Nd7 14. f4 Nc5 15. Kb1 Bd7 16. g5 O-O 17. f5 Rfc8 18. fxe6 fxe6 19. e5 Nxd3 20. exd6 Bxd6 21. Qxd3 Be5 22. N2f3 Bxd4 23. Bxd4 Bb5 24. Qe4 Qc6 25. Rhe1 Qxe4 26. Rxe4 Bc6 27. Rf4 Rf8 28. Rxf8+ Rxf8 29. Ne5 Be4 30. b3 Rc8 31. Rd2 Nc6 32. Nxc6 Rxc6 33. Kb2 1/2-1/2